000 01070cam a2200265 4500
001 ABS63379
008 000000n2001 000 0 eng u
035 _a(Sirsi) u110821
100 _aHemsley, A.
245 _aTending towards safety
260 _c2001
490 _aBuilding
_v266(8167) 2 February 2001, 65(1)
520 _aOutlines the practical steps, in addition to the requirements of the CDM Regulations, that can be taken at the tender stage to avoid site accidents. These include moving away from the tendency always to accept the lowest tender; adding safety incentives to tender documents; and ensuring that best practice and accident reporting are both stipulated in the tender and observed.
590 _aABS
650 _aACCIDENTS
650 _aBEST PRACTICE
650 _aCONSTRUCTION (DESIGN AND MANAGEMENT) REGULATIONS 1994
650 _aHEALTH AND SAFETY
_96244
650 _aSAFETY
650 _aSITE SAFETY
650 _aTENDERING
650 _aTENDERING PROCESS
690 _aBUILT ENVIRONMENT-BUILDING STANDARDS
942 _n0
999 _c66069
_d66069